Представление документа в формате MARC21

Поле Инд. ПП Название Значение
Тип записи a
Библиографический уровень m
001 Контрольный номер RU/IS/BASE/331640451
005 Дата корректировки 20220805151549.3
020 a ISBN 5-280-01537-7
040 b Код языка каталог. rus
041 0_ a Код языка текста rus
080 a Индекс УДК 821.161.1
084 a Индекс другой классификации/Индекс ББК 84(2Рос=Рус)6
090 a Полочн. индекс 84(2Рос=Рус)6
c Каталожный индекс 84(2=рус)
x Авторский знак Г94
097 b Оператор 12
100 1_ a Автор Гумилёв Н. С.
245 10 a Заглавие Сочинения
b Продолж. заглавия в 3 т.
n Номер части/ раздела Т. 2
p Название части/ раздела Драмы. Рассказы
260 a Место издания М.
b Издательство Художественная литература
c Дата издания 1991
300 a Объем 478 с.
b Иллюстрации/ тип воспроизводства ил.
510 a Примечание о ссылках Книги и методические пособия
650 14 a Основная рубрика 17.82 Произведения художественной литературы
x Основная подрубрика 17.82.20 Драматургия
650 14 x Основная подрубрика 17.82.32 Рассказы, новеллы (малые формы)
653 a Ключевые слова рассказы
901 t Тип документа m